000
00361nam a2200133Ia 4500
008
100328s9999 xx 000 0 und d
082
_b
51626
100
_a
खरात ह.शि.
245
_a
बिंग कविता
260
_b
डिंपल
630
_a
बिंग कविता
730
_a
बिंग कविता
942
_c
BOOK
999
_c
538559
_d
538556